LDR 00722naa#a2200157#i#450# 001 RU\\bibl\126743 005 20260704072725.6 011 ## _a2542-1840 100 ## _a20260630b2026####ek#y0rusy0150####ca 102 ## _aRU 200 1# _aГосударственная пространственная политика современной России: отдельные конституционно-правовые проблемы _eЖурнальная статья 210 1# _aКемерово _cКемеровский государственный университет _d2026 215 ## _a17 с. 608 ## _aЖурнальная статья _2local 700 #1 _aШиндина _gАнна Владимировна 856 4# _ajsocnet.ru _u